000 00783nam a2200265Ia 4500
003 OSt
005 20220926020936.0
006 a|||||r|||| 00| 0
007 ta
008 220923b |||||||| |||| 00| 0 eng d
037 _cGeneral Book
040 _aRTL
_cRTL
_beng
041 _2eng
_aeng
082 _aB28, N1
100 _aSaville David J
_9325418
245 0 _aStatistical methods
_b Geometric approach
260 _aNew York
_bSpringer-Verlag
_c1991
300 _axv, 560p
_ccm.
490 _aSpringer Texts in Statistics
500 _aBibliography: P 550-51; Appendix: P504-49
650 _aStatistics
_935791
700 _a Wood Graham R
_9325419
942 _hB28, N1
_cGB
_2CC
999 _c635279
_d635279